Statistics for Car Companies: Europe

Click here to take the quiz!

General Stats

  • This quiz has been taken 51 times
  • The average score is 20 of 40

Answer Stats

HintCar Company% Correct
318i TouringBMW
93%
GTC4 LussoFerrari
90%
914 Creamsicle EditionPorsche
90%
Countach 5000 QuattrovalvoleLamborghini
90%
R63 AMGMercedes-Benz
88%
León StreetcopaSEAT
88%
DB7 Jubilee EditionAston Martin
86%
Octavia RSŠkoda
83%
DS3 RacingCitroën
81%
S90Volvo
81%
406Peugeot
81%
Silver ShadowRolls-Royce
74%
X-Type Spirit Limited EditionJaguar
74%
Rang Rover LinleyLand Rover
71%
SanderoDacia
69%
Type 41 RoyaleBugatti
67%
Turbo RT MullinerBentley
64%
Biturbo Si BlackMaserati
62%
Zonda C12SPagani
57%
VX220Vauxhall
55%
112 CoupeLada
55%
800 SeriesRover
48%
166Alfa Romeo
45%
Thema 8.32Lancia
43%
CC8SKoenigsegg
36%
CerberaTVR
33%
RobinReliant
29%
XPower SVMG
21%
SpanoGTA
21%
TR8Triumph
21%
ST1Zenvo
17%
FétishVenturi
14%
C12 LaTurbieSpyker
14%
High Speed 375/4Monteverdi
12%
LongchampDe Tomaso
10%
Vertigo .5Gillet
10%
Prombron Monaco Red Diamond EditionDartz
7%
T613Tatra
2%
TS500Tushek & Spigel
2%
2141 AlekoMoskvitch
2%

Score Distribution

Percentile by Number Answered

Percent of People with Each Score

Your Score History

You have not taken this quiz